[PAROLES] Brûle - Josman (ft. Laylow) - Statistiques

Statistiques générales
  • Ce quiz a été pris 157 fois
    152 depuis la dernière actualisation
  • Le résultat moyen est 278 sur 405
Statistiques - réponses
Paroles % Correct
brûle,
100%
brûle
100%
brûle.
100%
ça
98%
Ça
98%
Dans
98%
dans
98%
y
98%
yeux,
97%
yeux
97%
a
96%
à
96%
le
96%
Le
96%
tu
96%
Tu
96%
les
94%
Les
94%
ma
94%
tes
94%
pas
93%
au
90%
autres
90%
comme
90%
de
90%
s'voit,
90%
qui
89%
qui,
89%
veux
89%
faire
88%
ce
84%
la
84%
coeur
83%
es
83%
eux
83%
sais
83%
ton
82%
est
79%
même
79%
Même
79%
l'or
78%
il
77%
mains
77%
mais
77%
Mais
77%
ta
77%
t'a
77%
des
76%
pur
76%
cherche
74%
et
74%
dehors,
73%
si
72%
c'que
70%
Donc
70%
mes
70%
traînes
70%
demandent
69%
l'monde
69%
souvent,
69%
vois,
69%
c'est
68%
C'est
68%
cordes,
68%
mère,
68%
père,
68%
pleut
68%
ville,
68%
cherches
67%
gens
66%
plus
65%
brûlent,
64%
brûlent
64%
en
64%
voudrais
63%
brûler
62%
l'intérieur
62%
200
61%
potes,
61%
société
61%
sûr
61%
sur
61%
tourne,
61%
tourne
61%
bien
60%
défile
60%
sang
60%
un
60%
Alien
59%
dingue
59%
du
59%
l'voir
59%
ses
59%
Moi,
57%
moi,
57%
allemande,
56%
t'aiment
56%
vampires
56%
voiture
56%
dit
55%
négro ?
55%
t'en
55%
connais
54%
conscient,
54%
"Hello",
54%
italiennes
54%
regard
54%
sous
54%
perd
53%
rêves,
53%
tout
53%
vérité,
53%
Air
52%
brume
52%
Capuché
52%
entier,
52%
Génération
52%
génération
52%
j'ai
52%
l'Porsche
52%
Max,
52%
Mélancolie
52%
colombe
51%
t'as
51%
TN,
51%
plumes
50%
qu'tu
50%
coutures
49%
"faut
49%
qu't'en
48%
vendent
48%
l'préau
47%
l'voudrais
47%
perce
47%
toujours
47%
camion
46%
embrassent
46%
Bah
44%
cauchemars
43%
tapes
43%
Macan,
41%
depuis,
40%
l'temps
40%
taille,
40%
file
39%
m'aliène
39%
indienne
38%
mienne,
38%
qu'il
38%
quoi
38%
s'débrouiller",
38%
advienne"
37%
lit
37%
soir,
37%
tombées
36%
brouillé
35%
crépuscule
35%
d'pleurer,
35%
m'guettent
35%
"reste
35%
brillent,
34%
difficile,
34%
fort
34%
sommeil
34%
l'système
33%
sera
33%
bredouiller,
32%
problèmes
31%
douillet
30%
pendule
30%
Yeah,
30%
j'suis
29%
talion,
29%
Nan,
27%
recul
27%
Contrat
26%
incrédule
26%
basculent
24%
J'gobe
24%
majuscule
24%
minuscule,
24%
pilule,
24%
loin
23%
rotules,
23%
sombre
23%
Han-Han,
22%
han-han,
22%
Han-han,
22%
j'prends
22%
veau-cer
22%
humeurs
21%
j'me
21%
quand
21%
seum
21%
Sans
20%
tant
19%
s'bousculent
18%
cesse
17%
l'aube
17%
m'mettre
17%
pression
17%
Beaucoup
16%
d'infos
15%
d'plaques,
14%
vrille,
13%
réveille,
3%
Aucun quiz correspondant
Distribution des résultats
% des personnes avec chaque résultat
Percentile par nombre de réponses
Votre historique - résultats
Vous n’avez pas pris ce quiz depuis la dernière actualisation